Normal view
MARC view
- Capital punishment.
Entry Topical Term
001 - CONTROL NUMBER
- control field: 45299
003 - CONTROL NUMBER IDENTIFIER
- control field: OSt
005 - DATE AND TIME OF LATEST TRANSACTION
- control field: 20220531134753.0
008 - FIXED-LENGTH DATA ELEMENTS
- fixed length control field: 220531|| aca||aabn | a|a d
040 ## - CATALOGING SOURCE
- Original cataloging agency: OSt
- Transcribing agency: OSt
150 ## - HEADING--TOPICAL TERM
- Topical term or geographic name entry element: Capital punishment.
670 ## - SOURCE DATA FOUND
- Source citation: Work cat.: (OSt): Bienen, Leigh B. 45298, Capital punishment in Illinois in the aftermath of the Ryan commutations:, ©2010.
